000 00438nam a2200145Ia 4500
008 090122s9999 xx 000 0 und d
082 _b9140
_a170
100 _aमंगरूळकर
_b"अरविंद,"
_cहातवळणे
245 _aनीतिशतक
600 _aमंगरूळकर
630 _aनीतिशतक
700 _aमंगरूळकर
730 _aनीतिशतक
942 _cBOOK
999 _c33217
_d33217